Daňové a odvodové zaťaženie vybraných podnikov v SR bakalárska práca

Saved in:
Bibliographic Details
Main Author: Parnahaj, Kamil
Corporate Author: Podnikovohospodárska fakulta EU so sídlom v Košiciach. Katedra účtovníctva a financií
Other Authors: Simonidesová, Jana, 1968-
Format: Book
Language:Slovak
Published: Košice 2012
Tags: Add Tag
No Tags, Be the first to tag this record!

MARC

LEADER 00000nbm a2200000 4500
001 0155613
005 20161109111904.1
041 0 |a slo 
044 |a SK 
245 1 0 |a Daňové a odvodové zaťaženie vybraných podnikov v SR  |b bakalárska práca  |c Kamil Parnahaj ; školiteľ: Jana Simonidesová 
264 1 |a Košice  |c 2012 
300 |a 51 s. 
100 1 |a Parnahaj, Kamil 
700 1 |a Simonidesová, Jana, 1968- 
710 2 |a Podnikovohospodárska fakulta EU so sídlom v Košiciach. Katedra účtovníctva a financií